Religious freedom,minorities and Islam:An inquiry into the Malaysian experience

Bibliographic Details
Main Author: Ahmad F.Yousif
Format: Book
Published: Batu Caves : Thinker's Library Sdn.Bhd. , 1998
Subjects:

MARC

LEADER 00000cam a2200000 7i4500
001 0000025310
002 000027293
005 20010820.0
020 |a 9676902977 
090 0 0 |a 297.209595   |b AHM 
100 0 |a Ahmad F.Yousif 
245 1 0 |a Religious freedom,minorities and Islam:An inquiry into the Malaysian experience 
260 |a Batu Caves :   |b Thinker's Library Sdn.Bhd. ,   |c 1998 
300 |a 208p. ;   |c 23cm. 
650 0 0 |a Freedom of religion   |z Malaysia 
650 0 0 |a Islam   |z Malaysia 
999 |a 00095961   |b BUKU   |c PINJAMAN   |e PERPUSTAKAAN KOMUNITI PETALING JAYA